000 00764nam a22002057a 4500
001 129911
003 ES-SlBCS
005 20260312091023.0
008 260312b ||||| |||| 00| 0 spa d
017 _aM 21125-2024
020 _a978-84-8440-706-5
040 _aES-SlBCS
_bspa
_dES-SlBCS
100 1 _aPérez Garcìa, José Ignacio (coord.) - Moreno Losada, José - Acevedo Gòmez, Casto - Morquecho Gil, Juan Antonio
_9429389
245 1 _aAllí donde nos necesitas abrimos camino a la esperanza. Adviento y Navidad 2024-2025.
_bGuiones litúrgicos Ciclo C
_cCARITAS
260 _aMadrid,
_bCARITAS
_c2024
300 _a175 p.,
_c21 cm.
490 0 _aGuiones litúrgicos Ciclo C
650 0 _aLITURGIA
_vGuiones
_xAdviento y Navidad
_9429374
942 _2lcc
_cBK
999 _c904031
_d904031